000 00679nam a2200241Ia 4500
003 OSt
005 20220918202535.0
006 a|||||r|||| 00| 0
007 ta
008 220917b |||||||| |||| 00| 0 eng d
024 _a101,977
037 _cTextual
040 _aARTS
_cARTS
_beng
041 _2eng
_aeng
082 _aV25:8.N73<--M24, L9
100 _aBose M L
_9104240
245 0 _aHistorical and constitutional cdocuments of Northern Eastern India 1824--1975
260 _aDelhi
_bConcept Publishing
_c1979
300 _a378p.
_ccm.
650 _aHISTORY
942 _hV25:8.N73<--M24, L9
_cTEXL
_2CC
999 _c225437
_d225437